[Event "Birzai-ch"]
[Site "Birzai"]
[Date "2011.11.21"]
[Round "5"]
[White "Nisanovas, Arnas"]
[Black "Leckas, Rimantas"]
[Result "1/2-1/2"]
[WhiteElo "1942"]
[BlackElo "2099"]
[PlyCount "78"]
[EventDate "2011.11.07"]
[EventType "swiss"]
[EventRounds "9"]
[EventCountry "LTU"]
[SourceTitle "EXT 2013"]
[Source "ChessBase"]
[SourceDate "2012.11.22"]
[SourceVersion "1"]
[SourceVersionDate "2012.11.22"]
[SourceQuality "1"]

1. e4 c6 2. d4 d5 3. Nc3 dxe4 4. Nxe4 Bf5 5. Ng3 Bg6 6. Nf3 Nf6 7. Bc4 e6 8. 0-0 Nbd7 9. Bg5 Be7 10. c3 0-0 11. Re1 Rc8 12. Qe2 Re8 13. Rad1 h6 14. Bxf6 Bxf6 15. Ne5 Bh7 16. Ne4 Nb6 17. Nxf6+ Qxf6 18. Bd3 Nd5 19. Ng4 Qg5 20. Bxh7+ Kxh7 21. Ne5 Qf6 22. Rd3 Nf4 23. Qe4+ Qf5 24. Rf3 g5 25. Nxf7 Qxe4 26. Rxe4 Rf8 27. Ne5 c5 28. Nd7 Rfd8 29. g3 cxd4 30. gxf4 Rxd7 31. Rd3 gxf4 32. Rxf4 e5 33. Re4 Rg7+ 34. Kf1 dxc3 35. Rxc3 Re8 36. Rce3 Rg5 37. Ke2 Rf5 38. Rf3 Kg6 39. Rg4+ Rg5 1/2-1/2

[Event "Birzai-ch"]
[Site "Birzai"]
[Date "2011.11.14"]
[Round "3"]
[White "Nisanovas, Arnas"]
[Black "Juknaite, Aurelija"]
[Result "0-1"]
[WhiteElo "1942"]
[BlackElo "1655"]
[PlyCount "70"]
[EventDate "2011.11.07"]
[EventType "swiss"]
[EventRounds "9"]
[EventCountry "LTU"]
[SourceTitle "EXT 2013"]
[Source "ChessBase"]
[SourceDate "2012.11.22"]
[SourceVersion "1"]
[SourceVersionDate "2012.11.22"]
[SourceQuality "1"]

1. e4 e5 2. g3 b6 3. Bg2 Bb7 4. d3 Bc5 5. Nf3 Nc6 6. Nbd2 Nge7 7. 0-0 0-0 8. Nb3 Bd6 9. c3 f5 10. Re1 fxe4 11. dxe4 Qe8 12. Nbd2 b5 13. Qb3+ Qf7 14. Qxb5 a6 15. Qe2 Nd8 16. Nc4 Qe6 17. Ng5 Qf6 18. Bh3 h6 19. Nxd6 cxd6 20. Nf3 Qxf3 21. Qxf3 Rxf3 22. Bxd7 Nf7 23. Kg2 Rf6 24. f3 Rf8 25. h4 d5 26. exd5 Bxd5 27. Bg4 Nc6 28. b3 Nd6 29. Ba3 e4 30. Rad1 exf3+ 31. Kf1 f2 32. Re3 Bg2+ 33. Kxg2 f1Q+ 34. Rxf1 Rxf1 35. Bxd6 R8f2+ 0-1